Nonviolent and power in the twentieth century
Guardado en:
| Andre forfattere: | |
|---|---|
| Format: | Ukendt |
| Sprog: | English |
| Udgivet: |
Massachusetts :
Blackwell Publisher
|
| Tags: |
Tilføj Tag
Ingen Tags, Vær først til at tagge denne postø!
|
MARC
| LEADER | 00000 a2200000 04500 | ||
|---|---|---|---|
| 001 | 44255 | ||
| 003 | cru CIDCACS/IIS | ||
| 005 | 20170518143323.0 | ||
| 008 | 050621s1999 mau eng d | ||
| 020 | |a 1577180763 | ||
| 040 | |c cru CIDCACS/IIS | ||
| 090 | |a 05.03.04 Z95n | ||
| 100 | |a Zunes, Stephen, |e editor | ||
| 245 | |a Nonviolent and power in the twentieth century |c Kenneth E. Boulding | ||
| 260 | |a Massachusetts : |b Blackwell Publisher | ||
| 300 | |a páginas 9-17 | ||
| 500 | |a Colección cambio social donada por Paul Almeida | ||
| 942 | |2 ddc |c LI | ||
| 773 | 0 | |0 6209 |9 886 |a Zunes, Stephen, |d Massachusetts : Blackwell Publisher |o 08946 |t Nonviolent social movements: |w (cru CIDCACS/IIS)08946 |z 1577180763 | |
| 999 | |c 15934 |d 15934 | ||



